<?xml version="1.0" encoding="UTF-8"?>
<record
    xmlns:xsi="http://www.w3.org/2001/XMLSchema-instance"
    xsi:schemaLocation="http://www.loc.gov/MARC21/slim http://www.loc.gov/standards/marcxml/schema/MARC21slim.xsd"
    xmlns="http://www.loc.gov/MARC21/slim">

  <leader>01665na  a2200397   4500</leader>
  <controlfield tag="001">16362</controlfield>
  <controlfield tag="003">MIRAKIL</controlfield>
  <controlfield tag="005">20181213154816.0</controlfield>
  <controlfield tag="008">170213b        tu            000 0      </controlfield>
  <datafield tag="035" ind1=" " ind2=" ">
    <subfield code="a">16362</subfield>
  </datafield>
  <datafield tag="040" ind1=" " ind2=" ">
    <subfield code="a">Milas</subfield>
    <subfield code="b">tur</subfield>
    <subfield code="c">TR-AnCHP</subfield>
  </datafield>
  <datafield tag="041" ind1=" " ind2=" ">
    <subfield code="a">tur</subfield>
  </datafield>
  <datafield tag="082" ind1=" " ind2=" ">
    <subfield code="a">CHP 324.217207</subfield>
    <subfield code="b">&#x130;91y 1940</subfield>
  </datafield>
  <datafield tag="090" ind1=" " ind2=" ">
    <subfield code="a">CHP 324.217207 O42c 1940</subfield>
  </datafield>
  <datafield tag="100" ind1=" " ind2=" ">
    <subfield code="a">&#x130;zburak, Re&#x15F;at</subfield>
  </datafield>
  <datafield tag="222" ind1=" " ind2=" ">
    <subfield code="a">Cumhuriyet Halk Partisi Konferanslar&#x131;</subfield>
  </datafield>
  <datafield tag="245" ind1=" " ind2=" ">
    <subfield code="a">Yer sars&#x131;nt&#x131;lar&#x131; ve buna kar&#x15F;&#x131; al&#x131;nabilecek tedbirler; &#x130;nsan&#x131;n tekam&#xFC;l&#xFC;;&#x15E;imali anadolunun zenginlikleri; D&#xFC;nya sulh&#xFC;n&#xFC;n idamesinde T&#xFC;rkiyenin rol&#xFC;</subfield>
    <subfield code="c">Re&#x15F;at &#x130;zburak; Muzaffer S&#xFC;leyman &#x15E;eny&#xFC;rek; Hamit Sadi Selen; Nihat Erim</subfield>
  </datafield>
  <datafield tag="260" ind1=" " ind2=" ">
    <subfield code="a">[Ankara ]</subfield>
    <subfield code="b">CHP</subfield>
    <subfield code="c">1940</subfield>
    <subfield code="f">Recep Uluso&#x11F;lu Bas&#x131;mevi</subfield>
  </datafield>
  <datafield tag="300" ind1=" " ind2=" ">
    <subfield code="a">70 s.</subfield>
    <subfield code="c">23 sm.</subfield>
  </datafield>
  <datafield tag="440" ind1=" " ind2=" ">
    <subfield code="a">C.H.P.</subfield>
    <subfield code="p">Konferanslar serisi</subfield>
    <subfield code="v">23</subfield>
  </datafield>
  <datafield tag="500" ind1=" " ind2=" ">
    <subfield code="a">Yap&#x131;t, yazarlar&#x131;n konferans konu&#x15F;malar&#x131;n&#x131; i&#xE7;ermektedir</subfield>
  </datafield>
  <datafield tag="505" ind1=" " ind2=" ">
    <subfield code="a">Yer sars&#x131;nt&#x131;lar&#x131; ve buna kar&#x15F;&#x131; al&#x131;nabilecek tedbirler/Re&#x15F;at &#x130;zbudak; &#x130;nsan&#x131;n tekam&#xFC;l&#xFC;/Muzaffer S&#xFC;leyman &#x15E;eny&#xFC;rek; &#x15E;imali anadolunun zenginlikleri/Hamit Sadi Selen; D&#xFC;nya sulh&#xFC;n&#xFC;n idamesinde T&#xFC;rkiyenin rol&#xFC;/Nihat Erim</subfield>
  </datafield>
  <datafield tag="610" ind1=" " ind2=" ">
    <subfield code="a">Cumhuriyet Halk Partisi (CHP)</subfield>
    <subfield code="x">Konferanslar ve seminerler</subfield>
  </datafield>
  <datafield tag="650" ind1=" " ind2=" ">
    <subfield code="a">D&#x131;&#x15F; ili&#x15F;kiler</subfield>
  </datafield>
  <datafield tag="650" ind1=" " ind2=" ">
    <subfield code="a">Antropoloji</subfield>
  </datafield>
  <datafield tag="650" ind1=" " ind2=" ">
    <subfield code="a">Co&#x11F;rafya</subfield>
  </datafield>
  <datafield tag="657" ind1=" " ind2=" ">
    <subfield code="a">CHP konferanslar&#x131;</subfield>
  </datafield>
  <datafield tag="700" ind1=" " ind2=" ">
    <subfield code="a">Erim, Nihat</subfield>
  </datafield>
  <datafield tag="700" ind1=" " ind2=" ">
    <subfield code="a">Selen, Hamit Sadi</subfield>
  </datafield>
  <datafield tag="700" ind1=" " ind2=" ">
    <subfield code="a">&#x15E;eny&#xFC;rek, S&#xFC;leyman Muzaffer</subfield>
  </datafield>
  <datafield tag="740" ind1=" " ind2=" ">
    <subfield code="a">D&#xFC;nya sulh&#xFC;n&#xFC;n idamesinde T&#xFC;rkiyenin rol&#xFC;</subfield>
  </datafield>
  <datafield tag="740" ind1=" " ind2=" ">
    <subfield code="a">&#x15E;imali anadolunun zenginlikleri</subfield>
  </datafield>
  <datafield tag="740" ind1=" " ind2=" ">
    <subfield code="a">&#x130;nsan&#x131;n tekam&#xFC;l&#xFC;</subfield>
  </datafield>
  <datafield tag="830" ind1=" " ind2=" ">
    <subfield code="a">CHP Yay&#x131;nlar&#x131;</subfield>
  </datafield>
  <datafield tag="942" ind1=" " ind2=" ">
    <subfield code="2">ddc</subfield>
    <subfield code="c">BKS</subfield>
  </datafield>
  <datafield tag="952" ind1=" " ind2=" ">
    <subfield code="a">0001</subfield>
    <subfield code="b">0001</subfield>
    <subfield code="d">2016-10-04</subfield>
    <subfield code="e">2</subfield>
    <subfield code="h">c.6</subfield>
    <subfield code="l">0</subfield>
    <subfield code="o">CHP 324.217207 O42c 1940</subfield>
    <subfield code="p">004328</subfield>
    <subfield code="r">2016-10-04 00:00:00</subfield>
    <subfield code="v">0.00</subfield>
    <subfield code="w">2016-10-04</subfield>
    <subfield code="y">BKS</subfield>
  </datafield>
  <datafield tag="999" ind1=" " ind2=" ">
    <subfield code="c">1256</subfield>
    <subfield code="d">1256</subfield>
  </datafield>
</record>
